000 00282nam a22001217a 4500
008 160523b xxu||||| |||| 00| 0 eng d
020 _a9780312487607
020 _a0312487606
041 _aeng
080 _a316.77
245 _aWriting first;
_cLaurie G. Kirszner;
942 _2udc
_cBK
999 _c2366
_d2366